| 000 | 00402nam a2200145Ia 4500 | ||
|---|---|---|---|
| 008 | 151213s9999 xx 000 0 und d | ||
| 100 | _aBulletin Bangladesh | ||
| 245 |
_aMonthly Statistical _cBulletin Bangladesh |
||
| 260 |
_aBangladesh _bBangladesh Bureau Of Statistics _c2002 |
||
| 300 | _a1581 p. | ||
| 650 | _aJournal | ||
| 650 | _aReference | ||
| 700 | _aBulletin Bangladesh | ||
| 999 |
_c1206 _d1206 |
||